Регионална библиотека "Любен Каравелов" - Русе

Методика на литературното образование в І - ІV клас (Запис номер 75326)

MARC детайли
000 -Лидер
Контролно поле с фиксирана дължина 01482nam a2200397 c 4500
003 - Код на организацията, давaща контролен номер
Контролно поле BLK
005 - Дата и час на последна редакция
Контролно поле 20250321120304.0
008 - Елементи от данни с фиксирана дължина
fixed length control field 180408b bul|||||r ||||||| ||bul||
010 ## - Наследен системен номер
LC control number KNG00079739000
020 ## - Международен стандартен номер на книга ISBN
Международен стандартен номер на книга ISBN 954-300-061-1
040 ## - Източник на каталожния запис
Идентификатор на билиотеката - собственик на записа BLK
041 ## - Код за език
Код за езика на текст/звукозапис или на отделно заглавие Български
Код за езика КДБФ Български
080 ## - УДК
Текстов определител УДК Литература в основното училище. Методика на обучението
УДК код - определител по УДК 373.3.016:821
УДК - код + определител 373.3.016:821
100 1# - Редна дума - Автор
Автор Иванова, Нели Стоянова
Авторска отговорност първи автор
R(LIN) 363475
139 ## - Редно поле
Редна дума Иванова, Нели Стоянова
Авторски знак Иванова - И 22
245 10 - Сведения за заглавието
Заглавие Методика на литературното образование в І - ІV клас
Редно поле (дума) Нели Стоянова Иванова.
257 ## - Страна на издаване
Страна на създаване/издаване България
260 ## - Област на издателските данни
Име на издателя, разпространителя и проч. Гея-Либрис
Година на издаване 2005
Място на издаване, разпространение и проч. София
300 ## - Физическа характеристика
Страници 224 с.
Размери/Мащаб 21 см
380 ## - Жанр
Жанр Обществени науки
500 ## - Общи забележки
Забележка Офс. изд. - Библиогр. с. 218-223.
504 ## - Забележка за наличие на библиография и др
Забележка за наличие на библиография и под. 218-223
650 #4 - Допълнително описание по предмет – тема
Основно описание – тема или топоним Литература - методика на преподаването - за основни училища
9 (RLIN) 249254
653 ## - Ключова дума – ненормативна
Ключова дума литература
653 ## - Ключова дума – ненормативна
Ключова дума методика на преподаването
653 ## - Ключова дума – ненормативна
Ключова дума І кл. - ІV кл.
653 ## - Ключова дума – ненормативна
Ключова дума основни училища
852 ## - Местоположение
Форматна сигнатура Цб 237242
856 4# - Електронен адрес и достъп
Електронен формат pdf - файл
856 4# - Електронен адрес и достъп
Електронен формат pdf - файл
999 ## - СИСТЕМНИ КОНТРОЛНИ НОМЕРА
Koha biblionumber 75326
Koha biblioitemnumber 75326
942 ## - АРТИКУЛИ
Вид на библиотечния материал Книги
Скрит в OPAC Не
Koha issues (borrowed), all copies 26
Периодичен библиозапис Да
944 ## - СЪЗДАВАНЕ И РЕДАКЦИЯ на ЗАПИСА
Създаване/Редакция Създаване
Дата на регистрацията/редакция 27.11.2007
Служител, извършил регистрацията/редакцията 30575
Статус, дата на статуса Мартин Енчев
944 ## - СЪЗДАВАНЕ И РЕДАКЦИЯ на ЗАПИСА
Създаване/Редакция Редакция
Дата на регистрацията/редакция 10.05.2008
999 ## - СИСТЕМНИ КОНТРОЛНИ НОМЕРА
Koha biblioitemnumber 75326
999 ## - СИСТЕМНИ КОНТРОЛНИ НОМЕРА
Koha biblioitemnumber 75326
Наличности
Код за отписване Код за изгубен артикул Код за повреда Коз за рестрикции Код за отдаване Артикулен № Име на библиотеката - собственик Име на библиотеката, в която се намира в момента Статус (Текущо местоположение) Дата на вписване в системата Местоположение - отдел Цена в лева Инвентарен номер Систематично азбучна сигнатура Баркод Номер на екземпляра Цена в евро Служебна бележка Служебен тип на артикула Източник на класификационната схема
  Не е изгубен Не е повреден без рестрикции ползва се в читалня 122288 Регионална библиотека "Любен Каравелов" Русе Регионална библиотека "Любен Каравелов" Русе Хранилище 2007-11-27 Хранилище 7.90 120000720424 Цб 237242 120000720424 1 4.04 Дост: Dp Вид: Д N: 35 Дата: 09.08.2007 Книги  
  Не е изгубен Не е повреден без рестрикции заемане за дома 122289 Регионална библиотека "Любен Каравелов" Русе Регионална библиотека "Любен Каравелов" Русе Заемна - подръчен фонд 2007-12-21 Заемна - подръчен фонд 7.90 120000721560 373.3/И 22 Н 120000721560 2 4.04 Дост: Pk Вид: Ф N: 13342 Дата: 17.12.2007 Дата инв: 07.02.2018 Бележки инв: П2018 Книги Universal Decimal Classification
  Не е изгубен Не е повреден без рестрикции заемане за дома 122290 Регионална библиотека "Любен Каравелов" Русе Регионална библиотека "Любен Каравелов" Русе Заемна - подръчен фонд 2007-12-21 Заемна - подръчен фонд 7.90 120000721561 373.3/И 22 Н 120000721561 3 4.04 Дост: Pk Вид: Ф N: 13342 Дата: 17.12.2007 Дата инв: 07.02.2018 Бележки инв: П2018 Книги Universal Decimal Classification
  Не е изгубен Не е повреден без рестрикции заемане за дома 122291 Регионална библиотека "Любен Каравелов" Русе Регионална библиотека "Любен Каравелов" Русе Заемна - подръчен фонд 2007-12-21 Заемна - подръчен фонд 7.90 120000721562 373.3/И 22 Н 120000721562 4 4.04 Дост: Pk Вид: Ф N: 13342 Дата: 17.12.2007 Дата инв: 07.02.2018 Бележки инв: П2018 Книги Universal Decimal Classification
  Не е изгубен Не е повреден без рестрикции заемане за дома 122292 Регионална библиотека "Любен Каравелов" Русе Регионална библиотека "Любен Каравелов" Русе Заемна - подръчен фонд 2007-12-21 Заемна - подръчен фонд 7.90 120000721563 373.3/И 22 Н 120000721563 5 4.04 Дост: Pk Вид: Ф N: 13342 Дата: 17.12.2007 Дата инв: 07.02.2018 Бележки инв: П2018 Книги Universal Decimal Classification
Vip Innovations Ltd, Rousse, Bulgaria 2025